Tile Trivia #3 - Statistics

General Stats
  • This quiz has been taken 139 times
    113 since last reset
  • The average score is 49 of 68
Answer Stats
Question Tile Select % Correct
Drinks Rendang No
93%
Drinks Sake Yes
93%
Drinks Pavlova No
92%
Drinks Vermouth Yes
92%
Drinks Bulgogi No
91%
FIFA World Cup Winners Australia No
90%
Chemical elements Brass No
90%
Chemical elements Calcite No
90%
Drinks Poha No
89%
FIFA World Cup Winners Greece No
88%
FIFA World Cup Winners Russia No
88%
Chemical elements Iron Yes
87%
Chemical elements Plutonium Yes
87%
Chemical elements Steel No
87%
Chemical elements Bronze No
86%
Drinks Chimichanga No
86%
Chemical elements Water No
86%
FIFA World Cup Winners Belgium No
85%
Signers of the United States Declaration of Independence John Jay No
85%
FIFA World Cup Winners United States No
85%
FIFA World Cup Winners Colombia No
84%
Chemical elements Oxygen Yes
84%
Signers of the United States Declaration of Independence Patrick Henry No
84%
English counties Cornwall Yes
83%
English counties Kent Yes
83%
Signers of the United States Declaration of Independence Thomas Jefferson Yes
83%
Chemical elements Neon Yes
82%
Chemical elements Valium No
82%
FIFA World Cup Winners Brazil Yes
80%
Drinks Ouzo Yes
80%
Drinks Pierogi No
80%
English counties Worcestershire Yes
80%
English counties Surrey Yes
79%
FIFA World Cup Winners France Yes
78%
Chemical elements Titanium Yes
78%
Chemical elements Copper Yes
77%
FIFA World Cup Winners Spain Yes
76%
FIFA World Cup Winners England Yes
75%
Chemical elements Nitrate No
75%
FIFA World Cup Winners Argentina Yes
74%
FIFA World Cup Winners Netherlands No
74%
Signers of the United States Declaration of Independence Benjamin Franklin Yes
73%
FIFA World Cup Winners Germany Yes
73%
English counties Birmingham No
72%
FIFA World Cup Winners Mexico No
72%
English counties Sunderland No
72%
English counties Buckinghamshire Yes
71%
FIFA World Cup Winners Portugal No
71%
English counties Norfolk Yes
68%
Signers of the United States Declaration of Independence John Adams Yes
67%
Chemical elements Adamantium No
66%
Signers of the United States Declaration of Independence John Hancock Yes
63%
Chemical elements Zircon No
60%
English counties East Midlands No
59%
Drinks Mezcal Yes
58%
FIFA World Cup Winners Uruguay Yes
56%
English counties Yorkshire and the Humber No
53%
Drinks Rakija Yes
49%
Chemical elements Bismuth Yes
48%
English counties Wessex No
43%
Signers of the United States Declaration of Independence Samuel Adams Yes
42%
Drinks Arak Yes
41%
English counties Bristol Yes
36%
Signers of the United States Declaration of Independence James Madison No
36%
Signers of the United States Declaration of Independence Alexander Hamilton No
34%
Signers of the United States Declaration of Independence George Washington No
30%
Signers of the United States Declaration of Independence Roger Sherman Yes
8%
Signers of the United States Declaration of Independence Elbridge Gerry Yes
5%
No matching quizzes found
Score Distribution
Percent of People with Each Score
Percentile by Number Answered
Your Score History
You have not taken this quiz since the last reset